000 00352nam a2200133Ia 4500
008 240624s9999 xx 000 0 und d
041 _aeng
082 _a158.72 STR
100 _aSTRANKS JEREMY
245 _aSTRESS AT WORK MANAGEMENT AND PREVENTION
260 _c2009
_aNew Delhi
_bElsevier
300 _ax, : 232 : p. : cm. ; 23
365 _cRS
_b33.33
999 _c12208
_d12208